00742nam a2200193 a 450000500170000000800410001702000260005803700210008404000180010508200060012310000340012924500680016326000340023130000320026549000220029750000290031952001830034870000170053120091211142113.0050809s2006 nyua b 000 1 eng  a9780375846670c100.00 bBlueberry Books  adplbEnglish  aS aGreenburg, J. C.q(Judith C.) aIn the desert /cby J.C. Greenburg ; illustrated by Jan Gerardi aNew York bRandom Housec2008 a83 p.: bill. c20 cm(pbk)  aAndrew lost ;v17 a"A Stepping Stone book." aAndrew, his cousin Judy, and Thudd the robot wind up at a garbage dump when Andrew's latest invention, the Goa Constrictor, shrinks them to the size of beetles and swallows them. aGerardi, Jan